[Event "Welsh Chess Championship 2016"]
[Site "Cardiff"]
[Date "2016.03.25"]
[Round "1.1"]
[White "Davis, Lee"]
[Black "Zeidler, Sven P."]
[Result "0-1"]
[WhiteElo "1977"]
[BlackElo "2190"]
[PlyCount "82"]
[EventDate "2016.03.25"]
[EventType "swiss"]
[EventRounds "7"]
[EventCountry "WLS"]

1. d4 f5 2. g3 Nf6 3. Bg2 g6 4. c4 Bg7 5. Nf3 d6 6. O-O O-O 7. Nc3 c6 8. d5 e5
9. dxe6 Bxe6 10. b3 Na6 11. Bb2 Qe7 12. Ng5 Bd7 13. Qc2 Nc5 14. Rad1 Rad8 15.
Rfe1 a5 16. e3 h6 17. Nf3 Ng4 18. Nd4 Qf7 19. Ba3 Bc8 20. Bxc5 dxc5 21. Nde2 g5
22. Rxd8 Rxd8 23. Rd1 Re8 24. Na4 Qh5 25. h3 Ne5 26. Nxc5 Nf3+ 27. Bxf3 Qxf3
28. Nd4 Qh5 29. Nxf5 Bxf5 30. Qxf5 Qxd1+ 31. Kg2 Rf8 32. Qe6+ Kh8 33. Qe4 Qe2
34. Nd3 Qxa2 35. h4 Qe2 36. hxg5 hxg5 37. g4 b5 38. Kg3 a4 39. bxa4 bxa4 40. f4
a3 41. Ne5 gxf4+ 0-1

[Event "Welsh Chess Championship 2016"]
[Site "Cardiff"]
[Date "2016.03.25"]
[Round "1.4"]
[White "Jameson, David"]
[Black "Van Kemenade, Rudy"]
[Result "1-0"]
[WhiteElo "2103"]
[BlackElo "1968"]
[PlyCount "81"]
[EventDate "2016.03.25"]
[EventType "swiss"]
[EventRounds "7"]
[EventCountry "WLS"]

1. d4 Nf6 2. c4 e5 3. dxe5 Ng4 4. Bf4 Bb4+ 5. Nc3 Bxc3+ 6. bxc3 Nc6 7. Nf3 Qe7
8. Qd5 f6 9. exf6 Nxf6 10. Qd3 d6 11. e3 O-O 12. Be2 Ne4 13. Nd4 Na5 14. O-O
Nc5 15. Qc2 Be6 16. Nxe6 Qxe6 17. Rfd1 Nxc4 18. Bf3 c6 19. Be2 Ne5 20. Rd4 d5
21. c4 dxc4 22. Rxc4 Ncd7 23. Rd1 Qf5 24. Qxf5 Rxf5 25. Rcd4 Rf7 26. R1d2 Kf8
27. Bd1 c5 28. Rd5 Re8 29. Ba4 Nb6 30. Bxe8 Nxd5 31. Bxf7 Nxf4 32. exf4 Nxf7
33. Rd7 b5 34. Rxa7 Nd6 35. Kf1 c4 36. Ke2 b4 37. Ra4 b3 38. axb3 cxb3 39. Rb4
Nf5 40. Kd3 Nh4 41. g3 1-0

[Event "Welsh Chess Championship 2016"]
[Site "Cardiff"]
[Date "2016.03.25"]
[Round "1.5"]
[White "Shakespeare, John"]
[Black "Brown, Thomas"]
[Result "1/2-1/2"]
[WhiteElo "1948"]
[BlackElo "2093"]
[PlyCount "98"]
[EventDate "2016.03.25"]
[EventType "swiss"]
[EventRounds "7"]
[EventCountry "WLS"]

1. d4 Nf6 2. Nf3 g6 3. c4 Bg7 4. Nc3 O-O 5. e4 d6 6. Be2 e5 7. d5 a5 8. Bg5 h6
9. Bh4 Na6 10. Nd2 Bd7 11. a3 Qe8 12. b3 Nh7 13. O-O h5 14. f3 Bh6 15. Bf2 Qe7
16. Kh1 f5 17. Rb1 Nf6 18. b4 axb4 19. axb4 b6 20. Bd3 Bg5 21. Qe2 h4 22. c5
dxc5 23. Bxa6 cxb4 24. d6 Qxd6 25. Bc4+ Kg7 26. Nd5 Nxd5 27. exd5 h3 28. g3 b5
29. Bxb5 Bxb5 30. Qxb5 Bxd2 31. Bc5 Rfb8 32. Bxd6 Rxb5 33. Bxe5+ Kf7 34. Bxc7
Rxd5 35. Rfd1 Ra7 36. Bb8 Rad7 37. Rf1 Bc3 38. Bf4 Ra5 39. g4 Rda7 40. Bd6 Rb7
41. Rb3 Ke6 42. Bg3 Kd5 43. Kg1 Kc4 44. Rfb1 fxg4 45. fxg4 Rg5 46. Kh1 Rxg4 47.
Be1 Bxe1 48. Rxb4+ Bxb4 49. Rxb4+ Rxb4 1/2-1/2

[Event "Welsh Chess Championship 2016"]
[Site "Cardiff"]
[Date "2016.03.25"]
[Round "1.6"]
[White "Pleasants, Allan J"]
[Black "Waterfield, John W"]
[Result "1-0"]
[WhiteElo "2072"]
[BlackElo "1912"]
[PlyCount "95"]
[EventDate "2016.03.25"]
[EventType "swiss"]
[EventRounds "7"]
[EventCountry "WLS"]

1. e4 g6 2. d4 Bg7 3. f4 c5 4. d5 d6 5. Nf3 Nf6 6. Nc3 O-O 7. a4 e6 8. dxe6
Bxe6 9. Be2 Nc6 10. O-O Qb6 11. Ng5 Nd4 12. Nxe6 fxe6 13. a5 Qc6 14. Bf3 b5 15.
axb6 axb6 16. Rxa8 Rxa8 17. Be3 Nxf3+ 18. Qxf3 d5 19. e5 Nd7 20. Bc1 b5 21. h4
Rf8 22. h5 Nxe5 23. Qg3 Nc4 24. hxg6 d4 25. b3 Ne3 26. gxh7+ Kh8 27. Bxe3 dxe3
28. Ne2 Qe4 29. Qf3 Qxc2 30. Qxe3 Kxh7 31. Rc1 Qg6 32. Rxc5 b4 33. Rg5 Qb1+ 34.
Kh2 Rf6 35. Rh5+ Kg6 36. Rg5+ Kh7 37. Rh5+ Kg6 38. Rb5 Kh7 39. Ng1 Rh6+ 40. Nh3
Bc3 41. Rb7+ Kh8 42. Rb8+ Kh7 43. Qa7+ Kg6 44. Rg8+ Kf5 45. Qb7 Rxh3+ 46. gxh3
Qxb3 47. Rf8+ Bf6 48. Qh7+ 1-0

[Event "Welsh Chess Championship 2016"]
[Site "Cardiff"]
[Date "2016.03.25"]
[Round "1.7"]
[White "Ehsandar, Peter"]
[Black "Young, Alan"]
[Result "1-0"]
[WhiteElo "1911"]
[BlackElo "2072"]
[PlyCount "63"]
[EventDate "2016.03.25"]
[EventType "swiss"]
[EventRounds "7"]
[EventCountry "WLS"]

1. e4 e5 2. Nf3 Nc6 3. Bb5 a6 4. Ba4 Nf6 5. d3 b5 6. Bb3 Be7 7. a4 b4 8. Nbd2
d6 9. a5 O-O 10. h3 Be6 11. Nc4 Rb8 12. Be3 Qc8 13. Ng5 Bd7 14. Qd2 Qb7 15. O-O
h6 16. Nf3 Kh7 17. Qe1 Ne8 18. Nfd2 f5 19. f4 fxe4 20. dxe4 exf4 21. Rxf4 Rxf4
22. Bxf4 Nd4 23. e5 Nxb3 24. cxb3 d5 25. e6 Bc8 26. Qb1+ Kg8 27. Qg6 Nd6 28.
Be5 Bf8 29. e7 dxc4 30. exf8=Q+ Kxf8 31. Qxg7+ Ke8 32. Re1 1-0

[Event "Welsh Chess Championship 2016"]
[Site "Cardiff"]
[Date "2016.03.25"]
[Round "1.8"]
[White "Saunders., Walter N. R"]
[Black "Thomas, James"]
[Result "1-0"]
[WhiteElo "2054"]
[BlackElo "1911"]
[PlyCount "119"]
[EventDate "2016.03.25"]
[EventType "swiss"]
[EventRounds "7"]
[EventCountry "WLS"]

1. d4 e6 2. e4 d5 3. e5 c5 4. c3 Nc6 5. Nf3 Nh6 6. Bd3 cxd4 7. cxd4 Nf5 8. Bxf5
exf5 9. O-O Be6 10. Nc3 Be7 11. Qe2 g5 12. Rd1 f4 13. Ne1 Qd7 14. a3 Bg4 15. f3
Be6 16. b4 Rc8 17. Bb2 h5 18. Ne4 Rg8 19. Nc5 Bxc5 20. dxc5 Ne7 21. Rd2 Nf5 22.
Bd4 Nh4 23. Bf2 Nf5 24. Nc2 g4 25. Nd4 g3 26. hxg3 Nxg3 27. Bxg3 fxg3 28. Qd3
a6 29. f4 Qe7 30. Nf3 Rd8 31. f5 Bc8 32. Re1 Rg4 33. f6 Qf8 34. Qh7 Qg8 35.
Qxh5 Be6 36. Rd4 Kd7 37. Rxg4 Qxg4 38. Qxg4 Bxg4 39. Nd4 Rh8 40. Re3 Be6 41.
Rxg3 Rh4 42. Rd3 Re4 43. Nf3 a5 44. Rd4 Re3 45. a4 Rc3 46. Ng5 Rc4 47. Rxc4
dxc4 48. Kf2 axb4 49. Ke1 b3 50. Kd2 Bd5 51. Kc3 Bxg2 52. Nxf7 Bd5 53. Ng5 Ke8
54. e6 Bxe6 55. Nxe6 Kf7 56. Nd8+ Kxf6 57. Nxb7 Ke7 58. c6 Ke6 59. Na5 Kd6 60.
Nxc4+ 1-0

[Event "Welsh Chess Championship 2016"]
[Site "Cardiff"]
[Date "2016.03.25"]
[Round "1.9"]
[White "Robinson, David"]
[Black "Heaven, Peter"]
[Result "0-1"]
[WhiteElo "1903"]
[BlackElo "2033"]
[PlyCount "44"]
[EventDate "2016.03.25"]
[EventType "swiss"]
[EventRounds "7"]
[EventCountry "WLS"]

1. d4 Nf6 2. Nf3 d5 3. Bf4 c5 4. e3 Nc6 5. Nc3 Bg4 6. Be2 e6 7. O-O Be7 8. h3
Bxf3 9. Bxf3 cxd4 10. Nb5 e5 11. Bg3 Qb6 12. exd4 Qxb5 13. dxe5 Ne4 14. e6 O-O
15. exf7+ Rxf7 16. Bh5 Rff8 17. Bf3 Rad8 18. Bc7 Rc8 19. Bh2 Nf6 20. Kh1 Kh8
21. Re1 Bc5 22. Bg3 Nd4 0-1

[Event "Welsh Chess Championship 2016"]
[Site "Cardiff"]
[Date "2016.03.25"]
[Round "1.10"]
[White "Ralphs, Nigel"]
[Black "Turner, Joseph David"]
[Result "1/2-1/2"]
[WhiteElo "2020"]
[BlackElo "1894"]
[PlyCount "69"]
[EventDate "2016.03.25"]
[EventType "swiss"]
[EventRounds "7"]
[EventCountry "WLS"]

1. e4 Nc6 2. Nf3 f5 3. exf5 d5 4. d4 Bxf5 5. Bb5 e6 6. Bf4 Nge7 7. O-O Ng6 8.
Bg3 Bd6 9. c4 O-O 10. Bxc6 bxc6 11. c5 Bxg3 12. hxg3 Bg4 13. Nbd2 e5 14. dxe5
Nxe5 15. Qa4 Bxf3 16. Nxf3 Nxf3+ 17. gxf3 Qd7 18. Qg4 Qxg4 19. fxg4 Rab8 20. b3
Rb4 21. Rfe1 Kf7 22. g5 a5 23. Re5 Re8 24. Rxe8 Kxe8 25. Kg2 a4 26. Rh1 axb3
27. axb3 Rxb3 28. Rxh7 Kf7 29. Rh8 Rc3 30. Rc8 Rxc5 31. Rxc7+ Kg6 32. f4 Rc3
33. g4 d4 34. Kf2 c5 35. Rc6+ 1/2-1/2

[Event "Welsh Chess Championship 2016"]
[Site "Cardiff"]
[Date "2016.03.25"]
[Round "1.11"]
[White "Guy, David"]
[Black "Bullen, Alex"]
[Result "0-1"]
[WhiteElo "1882"]
[BlackElo "2018"]
[PlyCount "22"]
[EventDate "2016.03.25"]
[EventType "swiss"]
[EventRounds "7"]
[EventCountry "WLS"]

1. d4 d5 2. c4 e6 3. Nc3 Nf6 4. Bg5 Nbd7 5. e3 Bb4 6. Nf3 c5 7. cxd5 exd5 8.
dxc5 Qa5 9. Qc2 Ne4 10. Rc1 Ndxc5 11. Bb5+ Qxb5 0-1

[Event "Welsh Chess Championship 2016"]
[Site "Cardiff"]
[Date "2016.03.25"]
[Round "1.12"]
[White "Bevan, Peter M"]
[Black "Evans, Nicholas Thomas"]
[Result "1-0"]
[WhiteElo "1999"]
[BlackElo "1876"]
[PlyCount "78"]
[EventDate "2016.03.25"]
[EventType "swiss"]
[EventRounds "7"]
[EventCountry "WLS"]

1. c4 e6 2. g3 d5 3. Nf3 Nf6 4. b3 Be7 5. Bb2 O-O 6. Bg2 c5 7. e3 Qb6 8. Na3
Nc6 9. O-O d4 10. exd4 cxd4 11. Re1 Rd8 12. Ne5 Nxe5 13. Rxe5 Bd6 14. Rb5 Qc7
15. c5 Bf8 16. Rc1 Nd5 17. Nc4 e5 18. Nd6 a6 19. Bxd5 axb5 20. Bxf7+ Kh8 21.
Qh5 Rxd6 22. cxd6 Qxd6 23. a3 Qf6 24. Bd5 Be6 25. Bxb7 Rb8 26. Be4 g6 27. Bxg6
Rb7 28. Be4 Rf7 29. Rf1 Bxb3 30. d3 Be6 31. f4 Bd6 32. f5 Rf8 33. Qf3 Bd7 34.
Qh5 Be8 35. Qh3 h5 36. Kh1 Be7 37. Bc1 Kg7 38. g4 hxg4 39. Qxg4+ Bg6 1-0

[Event "Welsh Chess Championship 2016"]
[Site "Cardiff"]
[Date "2016.03.25"]
[Round "1.13"]
[White "Kelly, Paul J"]
[Black "Hatchett, Paul"]
[Result "0-1"]
[WhiteElo "1857"]
[BlackElo "1987"]
[PlyCount "54"]
[EventDate "2016.03.25"]
[EventType "swiss"]
[EventRounds "7"]
[EventCountry "WLS"]

1. e4 Nc6 2. d4 e5 3. d5 Nce7 4. g3 Nf6 5. Bg2 Ng6 6. h4 h5 7. Ne2 Bc5 8. Nbc3
Ng4 9. Rf1 Nxh4 10. Bh1 Ng6 11. Na4 Be7 12. f3 Nh6 13. Be3 h4 14. Qd2 d6 15.
O-O-O f5 16. Nac3 hxg3 17. Bxh6 Rxh6 18. f4 Nxf4 19. Nxf4 exf4 20. exf5 Bxf5
21. Rde1 g5 22. Ne2 Rh2 23. Rxf4 gxf4 24. Qxf4 Bg5 25. Nxg3+ Kf7 26. Rf1 Bxf4+
27. Rxf4 Qg5 0-1

[Event "Welsh Chess Championship 2016"]
[Site "Cardiff"]
[Date "2016.03.25"]
[Round "1.15"]
[White "Camp, Syringa Lyn"]
[Black "Thomas, Ben"]
[Result "0-1"]
[WhiteElo "1681"]
[BlackElo "1983"]
[PlyCount "30"]
[EventDate "2016.03.25"]
[EventType "swiss"]
[EventRounds "7"]
[EventCountry "WLS"]

1. e4 b6 2. d4 Bb7 3. d5 e6 4. dxe6 fxe6 5. Nc3 Nc6 6. Nge2 Nf6 7. Bf4 Bc5 8.
Ng3 O-O 9. e5 Ne8 10. Qg4 Bxf2+ 11. Kxf2 Nxe5 12. Qe2 Ng6 13. Kg1 Nxf4 14. Qg4
Qf6 15. Rd1 Nh3+ 0-1

[Event "Welsh Chess Championship 2016"]
[Site "Cardiff"]
[Date "2016.03.25"]
[Round "2.1"]
[White "Zeidler, Sven P."]
[Black "Bevan, Peter M"]
[Result "1-0"]
[WhiteElo "2190"]
[BlackElo "1999"]
[PlyCount "65"]
[EventDate "2016.03.25"]
[EventType "swiss"]
[EventRounds "7"]
[EventCountry "WLS"]

1. e4 c5 2. f4 Nc6 3. Nf3 e6 4. Nc3 g6 5. d4 cxd4 6. Nxd4 a6 7. Nxc6 bxc6 8.
Qd4 f6 9. h4 Bg7 10. h5 Qe7 11. Be3 Rb8 12. hxg6 hxg6 13. Rxh8 Bxh8 14. O-O-O
Nh6 15. Be2 Bg7 16. a3 d5 17. Qa7 Qxa7 18. Bxa7 Ra8 19. Be3 Bd7 20. Na4 f5 21.
e5 Ng4 22. Bxg4 fxg4 23. Rh1 g5 24. Rh7 Kf7 25. Nc5 Bc8 26. fxg5 Kg6 27. Rh4
Bxe5 28. Rxg4 Bg7 29. Rb4 d4 30. Bxd4 e5 31. Be3 Bf5 32. g4 a5 33. gxf5+ 1-0

[Event "Welsh Chess Championship 2016"]
[Site "Cardiff"]
[Date "2016.03.25"]
[Round "2.2"]
[White "Bullen, Alex"]
[Black "Kett, Tim"]
[Result "1-0"]
[WhiteElo "2018"]
[BlackElo "2180"]
[PlyCount "45"]
[EventDate "2016.03.25"]
[EventType "swiss"]
[EventRounds "7"]
[EventCountry "WLS"]

1. d4 Nf6 2. Nf3 d5 3. c4 e6 4. g3 dxc4 5. Bg2 Be7 6. O-O O-O 7. Ne5 c5 8. dxc5
Bxc5 9. Qxd8 Rxd8 10. Nc3 Nd5 11. Rd1 Nc6 12. Nxc6 bxc6 13. e4 Rb8 14. exd5
cxd5 15. Rb1 d4 16. Bf4 Rb4 17. Ne4 Bb6 18. a3 Ra4 19. Rbc1 f6 20. Nd6 e5 21.
Nxc8 exf4 22. Nxb6 axb6 23. Bc6 1-0

[Event "Welsh Chess Championship 2016"]
[Site "Cardiff"]
[Date "2016.03.25"]
[Round "2.3"]
[White "Hatchett, Paul"]
[Black "Jameson, David"]
[Result "1/2-1/2"]
[WhiteElo "1987"]
[BlackElo "2103"]
[PlyCount "46"]
[EventDate "2016.03.25"]
[EventType "swiss"]
[EventRounds "7"]
[EventCountry "WLS"]

1. c4 e5 2. Nc3 Nf6 3. Nf3 Nc6 4. e4 d6 5. d4 Bg4 6. d5 Nd4 7. Be3 Nxf3+ 8.
gxf3 Bd7 9. Qd2 Nh5 10. Bd3 g6 11. O-O-O Bg7 12. Ne2 Qf6 13. f4 Nxf4 14. Nxf4
exf4 15. Bxf4 Qe7 16. Rde1 O-O-O 17. Bg5 Bf6 18. Bxf6 Qxf6 19. f4 Rde8 20. Qe3
Kb8 21. h4 Bg4 22. e5 Qg7 23. Kb1 b6 1/2-1/2

[Event "Welsh Chess Championship 2016"]
[Site "Cardiff"]
[Date "2016.03.25"]
[Round "2.4"]
[White "Thomas, Ben"]
[Black "Pleasants, Allan J"]
[Result "1-0"]
[WhiteElo "1983"]
[BlackElo "2072"]
[PlyCount "143"]
[EventDate "2016.03.25"]
[EventType "swiss"]
[EventRounds "7"]
[EventCountry "WLS"]

1. e4 d6 2. Nc3 Nf6 3. Be2 e5 4. Nf3 Be7 5. d4 Nbd7 6. O-O O-O 7. b3 Re8 8. Bb2
c6 9. Qd2 Qc7 10. a4 Bf8 11. d5 Nc5 12. Qe3 cxd5 13. Nxd5 Nxd5 14. exd5 h6 15.
b4 Na6 16. c3 f5 17. Rac1 Qf7 18. Rfd1 f4 19. Qd2 g5 20. Bxa6 bxa6 21. c4 g4
22. Ne1 Bd7 23. Qc2 Rec8 24. Ba3 Qe8 25. Qe2 Qg6 26. a5 Ba4 27. Rd2 Rc7 28. f3
h5 29. Qd3 Qxd3 30. Rxd3 Rac8 31. c5 Bb5 32. Rdc3 Bg7 33. R3c2 Ba4 34. Rd2 Bb5
35. Nd3 e4 36. Nxf4 Bh6 37. g3 Bxf4 38. gxf4 exf3 39. Re1 Be2 40. Rd4 Kf7 41.
Re4 h4 42. Re6 g3 43. hxg3 hxg3 44. Rc1 Rh8 45. Bb2 f2+ 46. Kg2 f1=Q+ 47. Rxf1
Bxf1+ 48. Kxf1 Rh1+ 49. Kg2 Rh2+ 50. Kxg3 Rxb2 51. Rxd6 Rxb4 52. c6 Re7 53. Rh6
Re3+ 54. Kg4 Kg7 55. c7 Rc4 56. d6 Rd3 57. Re6 Kf7 58. Re7+ Kf6 59. d7 Rxc7 60.
d8=Q Rxd8 61. Rxc7 Rg8+ 62. Kf3 Rb8 63. Rxa7 Kf5 64. Rf7+ Kg6 65. Ra7 Kf5 66.
Ke3 Rb3+ 67. Kd4 Kxf4 68. Rxa6 Ra3 69. Ra8 Kf5 70. a6 Kf6 71. Kc5 Rb3 72. a7
1-0

[Event "Welsh Chess Championship 2016"]
[Site "Cardiff"]
[Date "2016.03.25"]
[Round "2.5"]
[White "Taylor, Robert Graham"]
[Black "Saunders., Walter N. R"]
[Result "1/2-1/2"]
[WhiteElo "1980"]
[BlackElo "2054"]
[PlyCount "123"]
[EventDate "2016.03.25"]
[EventType "swiss"]
[EventRounds "7"]
[EventCountry "WLS"]

1. Nf3 Nf6 2. g3 d5 3. Bg2 e6 4. O-O Be7 5. b3 O-O 6. Bb2 c5 7. d3 Nbd7 8. Nbd2
Qc7 9. e4 d4 10. h3 e5 11. Nh2 b5 12. f4 Bb7 13. Qe2 Rac8 14. h4 Qb6 15. Bh3
Rc7 16. Nhf3 exf4 17. gxf4 Nh5 18. Qh2 Qg6+ 19. Kf2 Qf6 20. Bxd7 Rxd7 21. f5
Qh6 22. Kg1 Re8 23. Rae1 Bd6 24. e5 Bc7 25. Bc1 Qc6 26. Rf2 f6 27. Rfe2 Rde7
28. Ne4 Bxe5 29. Nxe5 Rxe5 30. Qh3 Qd7 31. Qg4 Bxe4 32. dxe4 g6 33. Rg2 Kh8 34.
fxg6 Qxg4 35. Rxg4 hxg6 36. Rxg6 Rg8 37. Rxg8+ Kxg8 38. Kf2 Kf7 39. Kf3 f5 40.
Re2 fxe4+ 41. Rxe4 Ke6 42. Bf4 Rxe4 43. Kxe4 Nf6+ 44. Kd3 Kd5 45. Bg5 Nh5 46.
c4+ dxc3 47. Kxc3 Ng3 48. Kd3 c4+ 49. Kc2 Ne4 50. Be3 cxb3+ 51. axb3 a6 52. h5
Nf6 53. h6 a5 54. Kd3 a4 55. Bd4 Nh7 56. b4 Ng5 57. Bf6 Nh7 58. Be7 Ke6 59. Bc5
Kd5 60. Kc3 Ng5 61. Kd3 Nh7 62. Be7 1/2-1/2

[Event "Welsh Chess Championship 2016"]
[Site "Cardiff"]
[Date "2016.03.25"]
[Round "2.6"]
[White "Heaven, Peter"]
[Black "Rodriguez, Juan Talavera"]
[Result "0-1"]
[WhiteElo "2033"]
[BlackElo "1983"]
[PlyCount "56"]
[EventDate "2016.03.25"]
[EventType "swiss"]
[EventRounds "7"]
[EventCountry "WLS"]

1. e4 e5 2. d4 exd4 3. Qxd4 Nc6 4. Qe3 Nf6 5. Nc3 Bb4 6. Bd2 d6 7. O-O-O O-O 8.
h3 Re8 9. Nge2 Bd7 10. f4 Qe7 11. Be1 Bc5 12. Qf3 Nxe4 13. Nd5 Qd8 14. Nec3 Bf5
15. Bd3 Nd4 16. Qf1 c6 17. Bxe4 Bxe4 18. Nxe4 Rxe4 19. Nc3 Re8 20. Qd3 Re3 21.
Qd2 Qe7 22. Kb1 Ne2 23. Na4 Bd4 24. c3 Bf6 25. Qxd6 Qe4+ 26. Ka1 Qxa4 27. Bf2
Nxc3 28. bxc3 Re2 0-1

[Event "Welsh Chess Championship 2016"]
[Site "Cardiff"]
[Date "2016.03.25"]
[Round "2.7"]
[White "Sands, David A"]
[Black "Ehsandar, Peter"]
[Result "1/2-1/2"]
[WhiteElo "2142"]
[BlackElo "1911"]
[PlyCount "29"]
[EventDate "2016.03.25"]
[EventType "swiss"]
[EventRounds "7"]
[EventCountry "WLS"]

1. d4 Nf6 2. c4 g6 3. Nc3 Bg7 4. e4 d6 5. Be2 O-O 6. Bg5 h6 7. Be3 Na6 8. Qd2
Kh7 9. h4 c5 10. d5 e6 11. h5 g5 12. f3 Nc7 13. Nh3 exd5 14. cxd5 Bxh3 15. Rxh3
1/2-1/2

[Event "Welsh Chess Championship 2016"]
[Site "Cardiff"]
[Date "2016.03.25"]
[Round "2.9"]
[White "Staniforth, Matthew"]
[Black "Ralphs, Nigel"]
[Result "0-1"]
[WhiteElo "1857"]
[BlackElo "2020"]
[PlyCount "52"]
[EventDate "2016.03.25"]
[EventType "swiss"]
[EventRounds "7"]
[EventCountry "WLS"]

1. Nf3 d5 2. b3 Nf6 3. Bb2 g6 4. e3 Bg7 5. c4 c6 6. Be2 O-O 7. O-O Nbd7 8. d4
Ne4 9. Nc3 Ndf6 10. Rc1 Bf5 11. Na4 Nd7 12. Nh4 Be6 13. f3 Nd6 14. g3 dxc4 15.
bxc4 b5 16. cxb5 cxb5 17. Nc5 Nxc5 18. Rxc5 Bxa2 19. Ng2 Qb6 20. Qc2 Bc4 21.
Rc1 Rfc8 22. Ba3 Qb7 23. Kf2 a5 24. Bxc4 Nxc4 25. Qb3 Rxc5 26. Bxc5 Qxf3+ 0-1

[Event "Welsh Chess Championship 2016"]
[Site "Cardiff"]
[Date "2016.03.25"]
[Round "2.10"]
[White "Turner, Joseph David"]
[Black "Fathallah, Joe"]
[Result "0-1"]
[WhiteElo "1894"]
[BlackElo "1969"]
[PlyCount "90"]
[EventDate "2016.03.25"]
[EventType "swiss"]
[EventRounds "7"]
[EventCountry "WLS"]

1. e4 e6 2. f4 d5 3. e5 c5 4. Nf3 Nc6 5. c3 Qb6 6. b3 Bd7 7. Na3 a6 8. Be2 Nge7
9. O-O h5 10. c4 d4 11. Ng5 g6 12. Ne4 Nf5 13. Nf6+ Kd8 14. Nc2 Bg7 15. Ne4 Nb4
16. Nxb4 Qxb4 17. a4 Qb6 18. a5 Qc7 19. Ba3 Bf8 20. g4 hxg4 21. Bxg4 Be7 22.
Bc1 Bc6 23. d3 Kd7 24. Qe1 Rh7 25. b4 Rah8 26. Qf2 Ne3 27. Bxe3 dxe3 28. Qxe3
Bxe4 29. dxe4 Rxh2 30. Rad1+ Ke8 31. Bf3 cxb4 32. Rd6 Bxd6 33. exd6 Qxd6 34. e5
Qd2 35. Qxd2 Rxd2 36. Bxb7 Rhh2 37. Rb1 Rhf2 38. Bxa6 Rg2+ 39. Kf1 Rdf2+ 40.
Ke1 Rg1+ 41. Kxf2 Rxb1 42. Ke3 Rd1 43. c5 b3 44. c6 Kd8 45. Bd3 b2 0-1

[Event "Welsh Chess Championship 2016"]
[Site "Cardiff"]
[Date "2016.03.25"]
[Round "2.11"]
[White "Young, Alan"]
[Black "Shakespeare, John"]
[Result "1-0"]
[WhiteElo "2072"]
[BlackElo "1948"]
[PlyCount "161"]
[EventDate "2016.03.25"]
[EventType "swiss"]
[EventRounds "7"]
[EventCountry "WLS"]

1. e4 e6 2. d4 d5 3. Nc3 Nf6 4. Bg5 Be7 5. e5 Nfd7 6. h4 h6 7. Be3 a6 8. Qg4
Kf8 9. Nf3 c5 10. dxc5 Nc6 11. Qf4 Bxc5 12. Bxc5+ Nxc5 13. O-O-O b5 14. Nd4
Nxd4 15. Qxd4 Qe7 16. b4 Nd7 17. a3 Bb7 18. f4 Qd8 19. Ne4 dxe4 20. Qxd7 Bd5
21. Qxd8+ Rxd8 22. Rh3 Ke7 23. h5 Bb7 24. Rb3 Rxd1+ 25. Kxd1 Rd8+ 26. Ke2 Rd7
27. g4 Kd8 28. Bg2 f5 29. gxf5 exf5 30. Bh3 Rf7 31. Rg3 Bc8 32. Rg6 Rc7 33.
Rd6+ Ke7 34. Kd2 e3+ 35. Kxe3 Rxc2 36. Rd2 Rc1 37. Bg2 Rc7 38. Bd5 Rc3+ 39. Rd3
Rc2 40. Kd4 Rh2 41. Rg3 Kf8 42. Rc3 Rd2+ 43. Ke3 Rxd5 44. Rxc8+ Ke7 45. Ra8 Rd1
46. Rxa6 Rh1 47. Rg6 Kf8 48. e6 Rxh5 49. e7+ Kxe7 50. Rxg7+ Kd6 51. Kd4 Rh3 52.
Rg6+ Kc7 53. Kc5 Rxa3 54. Rxh6 Rf3 55. Rh7+ Kc8 56. Rh4 Kd7 57. Kxb5 Kc7 58.
Kc5 Rc3+ 59. Kd4 Rb3 60. Kc4 Rf3 61. b5 Rf1 62. Kc5 Rc1+ 63. Kd5 Kb6 64. Rh5
Rc5+ 65. Ke6 Rxb5 66. Rxf5 Rb1 67. Rd5 Kc6 68. Rd2 Re1+ 69. Kf6 Re4 70. f5 Rg4
71. Ke6 Re4+ 72. Kf7 Rf4 73. f6 Rg4 74. Ke7 Re4+ 75. Kf8 Rf4 76. Kf7 Rf3 77.
Kg7 Rg3+ 78. Kf8 Rf3 79. f7 Rf1 80. Rg2 Kd7 81. Kg7 1-0

[Event "Welsh Chess Championship 2016"]
[Site "Cardiff"]
[Date "2016.03.25"]
[Round "2.12"]
[White "Evans, Nicholas Thomas"]
[Black "Davis, Lee"]
[Result "0-1"]
[WhiteElo "1876"]
[BlackElo "1977"]
[PlyCount "94"]
[EventDate "2016.03.25"]
[EventType "swiss"]
[EventRounds "7"]
[EventCountry "WLS"]

1. Nf3 g6 2. d4 Bg7 3. g3 Nf6 4. Bg2 O-O 5. c4 d6 6. O-O Nbd7 7. Nc3 c6 8. e4
e5 9. h3 Qb6 10. c5 dxc5 11. dxe5 Ne8 12. Bf4 Qxb2 13. Qd3 Qb6 14. Qc4 Nc7 15.
Rfd1 Ne6 16. Rd6 Qb4 17. Qd3 c4 18. Qd2 Rd8 19. Qc2 Bf8 20. Rdd1 Ndc5 21. Bf1
b5 22. Bd2 Qa3 23. Bc1 Qa5 24. Rxd8 Qxd8 25. Ba3 a5 26. Bxc5 Bxc5 27. Rd1 Qb6
28. Nb1 Ba6 29. Kg2 Rd8 30. Rxd8+ Qxd8 31. Qd2 Qxd2 32. Nfxd2 Bd4 33. f4 c3 34.
Nb3 c2 35. Na3 a4 36. Nxc2 axb3 37. axb3 Bc3 38. Kf2 Nd4 39. Nxd4 Bxd4+ 40. Ke1
h5 41. g4 Be3 42. f5 hxg4 43. hxg4 Bf4 44. e6 fxe6 45. fxe6 Bc8 46. Be2 Bxe6
47. Bd1 Be5 0-1

[Event "Welsh Chess Championship 2016"]
[Site "Cardiff"]
[Date "2016.03.25"]
[Round "2.14"]
[White "Van Kemenade, Rudy"]
[Black "Guy, David"]
[Result "1/2-1/2"]
[WhiteElo "1968"]
[BlackElo "1882"]
[PlyCount "116"]
[EventDate "2016.03.25"]
[EventType "swiss"]
[EventRounds "7"]
[EventCountry "WLS"]

1. e4 e5 2. Nf3 Nc6 3. Bb5 a6 4. Ba4 Nf6 5. O-O Be7 6. Bxc6 dxc6 7. Nc3 Bg4 8.
h3 Bxf3 9. Qxf3 O-O 10. d3 Re8 11. Qg3 Bf8 12. Bg5 Qd6 13. f4 Nd7 14. fxe5 Nxe5
15. Kh1 Ng6 16. Qf2 f6 17. Be3 b6 18. Ne2 Qd7 19. Ng3 a5 20. a4 c5 21. b3 Rad8
22. Nf5 c6 23. h4 Ne5 24. Qg3 Kh8 25. Bf4 Rc8 26. Bxe5 Rxe5 27. h5 Re6 28. Qg4
Rd8 29. Rae1 Qe8 30. Re3 Rd7 31. Rg3 Re5 32. Rh3 Qe6 33. Qh4 b5 34. axb5 cxb5
35. Ra1 Ra7 36. Qe1 a4 37. bxa4 Rxa4 38. Rxa4 bxa4 39. Ne3 Qe8 40. g4 Qb5 41.
Nc4 Re8 42. Qa1 Qd7 43. Rg3 Be7 44. Rg1 Bd8 45. Qa3 Be7 46. Qb2 Qc6 47. Rb1 Qe6
48. Ne3 Bd6 49. Nf5 Bf4 50. Qb7 Rg8 51. Qb6 Qe5 52. Qb2 Qe6 53. Rf1 Be5 54. Qa3
g6 55. Nh6 gxh5 56. Nxg8 Qxg4 57. Rf2 Qd1+ 58. Kg2 Qg4+ 1/2-1/2

[Event "Welsh Chess Championship 2016"]
[Site "Cardiff"]
[Date "2016.03.25"]
[Round "2.15"]
[White "Waterfield, John W"]
[Black "Kelly, Paul J"]
[Result "1-0"]
[WhiteElo "1912"]
[BlackElo "1857"]
[PlyCount "114"]
[EventDate "2016.03.25"]
[EventType "swiss"]
[EventRounds "7"]
[EventCountry "WLS"]

1. e4 c5 2. Nf3 Nc6 3. d4 cxd4 4. Nxd4 g6 5. Nc3 Bg7 6. Be3 Nf6 7. Be2 O-O 8.
Nb3 a5 9. a4 Nb4 10. Bf3 d6 11. O-O Nd7 12. Be2 Nf6 13. f4 d5 14. e5 Ne8 15.
Bf3 e6 16. Bc5 b6 17. Bxf8 Bxf8 18. Nb5 Ba6 19. Rf2 Rc8 20. Rd2 Ng7 21. c3 Nc6
22. c4 Bxb5 23. axb5 Nb4 24. cxd5 exd5 25. Bxd5 Qe8 26. Rc1 Rxc1 27. Qxc1 Qxb5
28. Qc4 Qd7 29. Bf3 Qa7 30. Qb5 Qc7 31. Be4 Ne6 32. Rd7 Qc8 33. Ra7 Nxf4 34.
Ra8 Qg4 35. Bf3 Qf5 36. Qe8 Qb1+ 37. Kf2 Nbd3+ 38. Ke3 Qe1+ 39. Kd4 Qb4+ 40.
Ke3 Qe1+ 41. Kd4 Qf2+ 42. Ke4 Qe1+ 43. Kd4 Qb4+ 44. Ke3 a4 45. Nd4 Kg7 46.
Qxf8+ Qxf8 47. Rxf8 Kxf8 48. g3 Nxb2 49. gxf4 Nc4+ 50. Kd3 Na5 51. Bd5 a3 52.
Kc3 Ke7 53. Kb4 f5 54. Kxa3 g5 55. Nxf5+ Kf8 56. e6 gxf4 57. e7+ Ke8 1-0